| 000 | 03075nam a2200301Ia 4500 | ||
|---|---|---|---|
| 005 | 20190220132355.0 | ||
| 008 | 130821s1730 it fr 1 latsd | ||
| 040 |
_aCo-BoUCM _bspa _cSandra Yazo _dSandra Yazo |
||
| 041 | 0 | _alat | |
| 082 | 0 | 4 |
_a291.2 _220 |
| 092 | _aE09N044 | ||
| 100 | 1 |
_aBenítez de Lugo, Cayetano _964474 _d1676-1739 |
|
| 242 | 0 | 0 |
_aEl "concurso" previo de Dios eficaz y necesario, en armonía con el libre albedrío del hombre, exento de toda necesidad. _cAutor R. P. Fray Cayetano Benítez de Lugo _yspa _bDoctrina propuesta a partir de la Sagrada Escritura, los Concilios, los Santos Padres y los Doctores de la Iglesia, en especial de San Agustín y de Santo Tomás. |
| 245 | 1 | 0 |
_aConcursus Dei praevius, et efficax necessario cohaerens cum libero arbitrio humano à necessitate libero _cAuctore R. P. Fr. Cajetano Benitez de Lugo. _bEx Sacra Scriptura, Conciliis, SS. Patribus, & Ecclesiae Doctoribus, praesertim Augustino, & Thoma depromptus ... |
| 260 |
_aRomae [Roma] (Italia) _bEx typographia Rochi Bernabò ... [Imprenta de Roque Bernabò] _c1730 |
||
| 300 |
_a[32], 531, [12] páginas _c35 x 23 cm. |
||
| 500 | _aDetalles físicos: Encuadernación flexible en pergamino manchado. Ejemplar en buen estado de conservación. Guardas. Portada impresa en una sola tinta, con un grabado decorativo. Dedicatoria (al Papa Benedicto XIII). Palabras al lector. Aprobaciones. Licencias y permisos. Índice inicial. Texto impreso en dos columnas, con variedad de tipos y tamaños de letra, excelente calidad de impresión. Mayúsculas capitales. Cenefas y remates de buena calidad. Márgenes muy amplios. Párrafos numerados. Signaturas y reclamos. Fe de erratas. Ej. 2 encuadernación rígida (romana) en rígida en pergamino blanco, lomo con tejuelo pintado y adornos en dorado. Cortes pintados. Guarda delantera con anotación de propiedad | ||
| 505 | 1 | _aDiscusiones sobre la eficacia intrínseca de la gracia ; Esencia y constitución de la libertad creada ; La sujeción del libre albedrío creado, a Dios autor de la naturaleza y de la gracia ; La gracia excitante y eficazmente ayudante ; La existencia de la predeterminación física o gracia que ayuda eficazmente a la voluntad ; Si puede decirse que hay concurso de Dios en el acto de pecar ; Concordia entre la libertad y la gracia eficaz ab intrínseco ; Reivindicación y defensa de la doctrina escolástica de Santo Tomás contra intromisiones extrañas | |
| 506 | _aConsulta en sala | ||
| 546 | _aTexto en latín | ||
| 650 | 7 |
_aTeología dogmática _xObras anteriores a 1800 _933842 |
|
| 650 | 7 |
_aGracias (Teología) _xObras anteriores a 1800 _940337 |
|
| 650 | 7 |
_aControversias _xTeología _911921 |
|
| 650 | 7 |
_aLibre albedrío _xObras anteriores a 1800 _953331 |
|
| 690 |
_aTeología _925230 |
||
| 856 | 4 | 1 |
_zDisponible en línea _uhttp://books.google.com/books?id=-CH5ST1np64C&printsec=frontcover&dq=Concursus+Dei+praevius&hl=es&ei=LjvpTc2pCpGhtweY5bzCAQ&sa=X&oi=book_result&ct=result&resnum=4&ved=0CDwQ6AEwAzgK#v=onepage&q&f=false |
| 942 |
_cLIBRO _a4 _e1 _2LOCAL _hE09N044 |
||
| 999 |
_c72981 _d72981 |
||